00467nam a2200181Ia 4500008004100000020001800041020001500059082001500074082001800089245003400107245003200141250002700173260001300200260002200213260000900235700002200244700001900266210417s9999 xx 000 0 und d a9781632382429 b1632382423 a333.79 THO b22.333.79 THO 0aHandbook of energy : Volume I 0cHandbook of energy Volume I b"vi, 204p. 28cm. hbk." aNew York bNY Research Press c2015 a"Thomson, George" bGeorge Thomson